000 00365nam a2200109Ia 4500
008 171211s9999 xx 000 0 und d
245 _aEngineering with the Spreadsheet: Structural Engineering Templates Using Excel
245 _cCraig T. Christy
260 _c2006
650 _xEngineering and Technology
856 _uhttp://down.ebook777.com/064/9780784408278.pdf
999 _c350285
_d350285